000 00729nas a2200241 4500
001 BR2018002121
003 BR-BrBNA
005 20231205131440.0
007 ta
008 230509b bl.|||p| |||| 00| 00por d
040 _aBR-BrBNA
_bpor
_cBiblioteca Nacional de Agricultura
041 _a(Pt)
072 _aF70
100 1 _aGóes-Neto, L.A. de A.
100 1 _aPietrobom, M.R.
245 1 _aCyatheales (Polypodiopsida)do corredor de biodiversidade do norte do Pará, Brasil
650 _aSAMAMBAIA
650 _aBIODIVERSIDADE
650 _aAMAZONIA
773 0 _tHoehnea (Brazil)
_xISSN 0073-2877
_g(Sep 2014), v. 41(3) p. 401-409
_wBR2018002121
909 _a202311
_bLúcia
_c55
_dLúcia Elande
942 _2AGRIS
_n0
_cANA
999 _c254890
_d254890